000 00572nam a2200229Ia 4500
008 101110s9999 xx 000 0 und d
041 _aENGLISH
082 _bSR33735
100 _aAgarwal N.P. and Agarwal Sonia
245 _aFinancial management
260 _c2009
_bRBSA publishers, Jaipur
300 _a310
365 _b900
520 _aCommerce
520 _aUGC XIth Five Year Plan 2009-2010
546 _aENGLISH
630 _aFinancial management
650 _aCommerce
655 _aCommerce
730 _aFinancial management
942 _cBOOK
999 _c826236
_d826233